000 01362nam0a22003491 4500
001 rc\2223365
005 20260406134131.0
035 _a(NLR Aleph) 006544038
090 _a6667939
_c6667939
100 _a20110826g19781979|||y0rusy50 ca
101 0 _arus
102 _aRU
105 _aa g |||||
200 1 _aСправочник по алюминиевым сплавам
_f[Гольдер Ю.Г., Гришина В.М., Дорохина В.Е. и др.]
_gПод ред. В.И. Елагина
210 _aМосква
_cВИЛС
_d1978 (вып. дан. 1979)
215 _a132 с.
_cил.
_d26
300 _aАвт. указаны на обороте тит. л.
300 _aВ надзаг.: Всесоюз. ин-т лег. сплавов
606 _aАлюминиевые сплавы
_jСправочники
_2psbo
686 _aК233.1я22
_2rubbk
701 1 _aГришина
_bВ.М.
701 1 _aДорохина
_bВ.Е.
701 1 _aГольдер
_bЮ.Г.
702 1 _aЕлагин
_bВ.И.
_gВиктор Игнатович
_4340
712 0 2 _aВсесоюзный институт легких сплавов
_3RU\NLR\AUTH\889917193
_9330557
801 0 _aRU
_bNLR
_gpsbo
801 1 _aRU
_bELAR
_2rusmarc
852 _aNLR
_j79-7/1106
899 _aRuMoRGB
_jB 79-28/138
899 _aRuMoRGB
_jB 79-28/139
942 _cBOOK
980 _aNB